000 01423nam a2200373 i 4500
001 ELB201566
003 FINmELB
005 20250326043444.0
006 m o u
007 cr cn|||||||||
008 230314s2021 ag o 000 0 spa d
020 _z9789878406435
035 _a(OCoLC)1377203455
040 _aFINmELB
_bspa
_erda
_cFINmELB
050 4 _aBF173.F85
_bT467 2021
080 _a159.964.2
082 0 4 _a150.1952
_223
245 0 0 _aTeoría y clínica en la obra de Arminda Aberastury /
_cJuan José Gennaro, compilador ; Juan J. Gennaro [y otros 8].
264 1 _aBuenos Aires, República Argentina :
_bRicardo Vergara Ediciones,
_c2021.
300 _a1 recurso en línea
336 _atexto
_btxt
_2rdacontent/spa
337 _acomputadora
_bc
_2rdamedia/spa
338 _arecurso en línea
_bcr
_2rdacarrier/spa
490 1 _aPerspectivas
588 _aDescripción basada en metadatos suministrados por el editor y otras fuentes.
590 _aRecurso electrónico. Santa Fe, Arg.: elibro, 2023. Disponible vía World Wide Web. El acceso puede estar limitado para las bibliotecas afiliadas a elibro.
650 4 _aClínica psicoanalítica.
650 4 _aPsicoanálisis.
655 4 _aLibros electrónicos.
700 1 _aGennaro, Juan José,
_ecompilador,
_eautor.
797 2 _aelibro, Corp.
830 0 _aPerspectivas.
856 4 0 _uhttps://elibro.net/ereader/usam/201566
999 _c146816
_d146816